000 00668nam a2200253Ia 4500
003 OSt
005 20220918165941.0
006 a|||||r|||| 00| 0
007 ta
008 220917b |||||||| |||| 00| 0 eng d
020 _a818521834X
024 _a29,930
037 _cTextual
040 _aARTS
_cARTS
_beng
041 _2eng
_aeng
082 _aO111,3N09:g, N2
100 _aDey Esha
_926339
245 0 _aNovels of Raja Rao
_b The theme of quest
260 _aNew Delhi
_bPrestige India
_c1992
300 _a267p.
_ccm.
650 _aENGLISH LITERATURE
942 _hO111,3N09:g, N2
_cTEXL
_2CC
999 _c131922
_d131922